000
002990000a22001450004500
003
MACL
040
_a
MACL
090
_c
3574
_d
3574
100
_a
Ramaswami, N.S.
245
_a
Temple of South India
260
_b
Maps And Agencies
_c
1993
350
_a
225
650
_a
Religion
942
_c
BOOK
_k
294
999
_c
3552
_d
3552